[Event "Solingen-ch 2018"]
[Site "Solingen"]
[Date "2018.09.28"]
[Round "2.14"]
[White "Ehringfeld, Michael"]
[Black "von Häfen, Dieter"]
[Result "1/2-1/2"]
[WhiteElo "1626"]
[BlackElo "1732"]
[PlyCount "114"]
[EventDate "2018.??.??"]
[WhiteTeam "SG Solingen"]
[BlackTeam "SV Hennef"]

1. d4 Nf6 2. Nf3 c5 3. c3 b6 4. Bg5 Ne4 5. Bf4 Bb7 6. Nbd2 e6 7. Qc2 Qf6 8. e3
Nxd2 9. Nxd2 d5 10. Bb5+ Bc6 11. Bxc6+ Nxc6 12. Qa4 Rc8 13. O-O Be7 14. Nf3 O-O
15. Ne5 Nxe5 16. Bxe5 Qg6 17. Qxa7 f6 18. Qxe7 fxe5 19. dxe5 Qf5 20. Qd6 b5 21.
f4 Rfe8 22. Qb6 Qd3 23. Rfe1 Qc4 24. b3 Qxc3 25. Qxb5 c4 26. bxc4 dxc4 27. Rac1
Qd3 28. a4 Qd2 29. Rcd1 Qc2 30. Kf1 Rb8 31. Qc6 Re7 32. Rc1 Qd3+ 33. Kg1 Qd2
34. Qd6 Rb2 35. Qxd2 Rxd2 36. Red1 c3 37. Rxd2 cxd2 38. Rd1 Ra7 39. Kf2 Rxa4
40. Ke2 Kf7 41. Rxd2 h6 42. Kf3 Kg6 43. g4 Ra1 44. Ke4 Rf1 45. h4 Rh1 46. h5+
Kf7 47. Rd7+ Kf8 48. f5 Rh4 49. Kf4 Rh1 50. f6 Rf1+ 51. Ke4 gxf6 52. exf6 Rxf6
53. Ke5 Rf3 54. e4 Rg3 55. Kxe6 Rxg4 56. Kf6 Rxe4 57. Kg6 Re6+ 1/2-1/2

[Event "Solingen-ch 2018"]
[Site "Solingen"]
[Date "2018.09.28"]
[Round "2.15"]
[White "Sherif, Malik"]
[Black "Schubert, Stefan"]
[Result "1-0"]
[WhiteElo "1729"]
[BlackElo "1592"]
[PlyCount "51"]
[EventDate "2018.??.??"]
[WhiteTeam "SG Solingen"]
[BlackTeam "SG Solingen"]

1. Nf3 g6 2. g3 Bg7 3. Bg2 e6 4. d4 d6 5. O-O Ne7 6. c4 O-O 7. Nc3 a6 8. Bf4
Nd7 9. Re1 e5 10. dxe5 dxe5 11. Bg5 f6 12. Bd2 c6 13. Ne4 Qc7 14. c5 b6 15. Bb4
a5 16. cxb6 Nxb6 17. Bd6 Qa7 18. Qb3+ Kh8 19. Bxe7 Qxe7 20. Qxb6 Ra6 21. Qc5
Qb7 22. Rab1 Bf5 23. Nd6 Qd7 24. Rbd1 Rb8 25. Qc4 Qc8 26. Nxc8 1-0

[Event "Solingen-ch 2018"]
[Site "Solingen"]
[Date "2018.09.28"]
[Round "2.16"]
[White "Littek, Oliver"]
[Black "Ipekyilmaz, Mert"]
[Result "1-0"]
[WhiteElo "1569"]
[BlackElo "1710"]
[PlyCount "87"]
[EventDate "2018.??.??"]
[WhiteTeam "SG Solingen"]
[BlackTeam "Düsseldorfer SK"]

1. e4 e6 2. d4 d5 3. e5 c5 4. Nf3 Nc6 5. c3 Qb6 6. Be2 cxd4 7. cxd4 Bb4+ 8. Nc3
Nge7 9. a3 Bxc3+ 10. bxc3 Bd7 11. O-O Rc8 12. Bd2 f6 13. exf6 gxf6 14. Ne1 Ng6
15. Bh5 Ke7 16. Nd3 Qc7 17. Re1 b6 18. Qf3 Kf7 19. Bg5 f5 20. Qe2 Kg7 21. Rac1
Qd6 22. Bxg6 hxg6 23. Bf4 Qe7 24. Ne5 Rh4 25. Bg3 Re4 26. Qc2 Nxe5 27. Bxe5+
Kf7 28. Rxe4 dxe4 29. Ra1 Rc4 30. Qd2 g5 31. Qe2 Rxc3 32. Qh5+ Kg8 33. Qh8+ Kf7
34. Qh7+ Ke8 35. Qg8+ Qf8 36. Qxg5 Rxa3 37. Rc1 Rd3 38. h4 a5 39. h5 Qf7 40. h6
Qh7 41. Bg7 e3 42. Qf6 exf2+ 43. Kxf2 Qg8 44. h7 1-0

[Event "Solingen-ch 2018"]
[Site "Solingen"]
[Date "2018.09.28"]
[Round "2.17"]
[White "Fodor, Bernhard"]
[Black "Falge, Rainer"]
[Result "1-0"]
[WhiteElo "1320"]
[BlackElo "1692"]
[PlyCount "45"]
[EventDate "2018.??.??"]
[WhiteTeam "SG Solingen"]
[BlackTeam "SG Solingen"]

1. f4 d6 2. Nf3 Nf6 3. d3 g6 4. g3 Bg7 5. Nc3 c6 6. Bg2 O-O 7. O-O Nbd7 8. e4
Nc5 9. Re1 Na6 10. Rb1 Qa5 11. e5 Ne8 12. Bd2 Qc7 13. d4 Bf5 14. d5 Nb4 15. Nd4
Qc8 16. a3 dxe5 17. Nxf5 Qxf5 18. axb4 cxd5 19. Nxd5 Qd7 20. Bc3 Rd8 21. Bxe5
e6 22. Bxg7 Nxg7 23. Nf6+ 1-0

[Event "Solingen-ch 2018"]
[Site "Solingen"]
[Date "2018.09.28"]
[Round "2.18"]
[White "Zimdars, Wolfgang"]
[Black "Wawi, Bilal"]
[Result "0-1"]
[WhiteElo "1656"]
[BlackElo "1097"]
[PlyCount "108"]
[EventDate "2018.??.??"]
[WhiteTeam "SG Solingen"]
[BlackTeam "vereinslos"]

1. d4 d5 2. Nf3 Nf6 3. e3 Nc6 4. Nbd2 Bf5 5. c3 Qd6 6. Bb5 O-O-O 7. Qa4 Kb8 8.
Bxc6 Qxc6 9. Qxc6 bxc6 10. Ne5 Re8 11. Nxf7 Rg8 12. Ne5 Kb7 13. O-O e6 14. a4
c5 15. f3 h5 16. b3 g5 17. Ba3 cxd4 18. Bxf8 dxc3 19. e4 cxd2 20. exf5 Rgxf8
21. fxe6 Rxe6 22. Nd3 Re3 23. Nf2 Rxb3 24. Ra2 Rb4 25. Nd3 Rd4 26. Rxd2 Kc8 27.
Rfd1 Rxa4 28. Nc5 Ra5 29. Rc1 Re8 30. Rdc2 Re7 31. Rb2 Nd7 32. Nb7 Ra6 33. Rb5
Rb6 34. Rxb6 axb6 35. Nd6+ Kb8 36. Nb5 Nc5 37. Rd1 c6 38. Nd6 Kc7 39. Nf5 Re5
40. Ng7 h4 41. g3 hxg3 42. hxg3 Re3 43. Kf2 Re5 44. g4 b5 45. Nf5 Ne6 46. Rc1
d4 47. Ne7 c5 48. Nf5 Nf4 49. Rc2 d3 50. Ra2 Kb6 51. Nd6 Re2+ 52. Rxe2 dxe2 53.
Nf7 b4 54. Nxg5 b3 0-1

[Event "Solingen-ch 2018"]
[Site "Solingen"]
[Date "2018.10.12"]
[Round "3.1"]
[White "Kniest, Oliver"]
[Black "Flesch, Dr. Stefan"]
[Result "1-0"]
[WhiteElo "2309"]
[BlackElo "2051"]
[PlyCount "91"]
[EventDate "2018.??.??"]
[WhiteTeam "SG Solingen"]
[BlackTeam "SG Solingen"]

1. Nf3 Nf6 2. c4 d6 3. d4 Nbd7 4. Nc3 e5 5. e4 Be7 6. Be2 O-O 7. O-O c6 8. Be3
a6 9. d5 cxd5 10. cxd5 Qe8 11. Nd2 Bd8 12. Nc4 Qe7 13. a4 Ne8 14. Bd3 g6 15. g4
Qh4 16. f3 Bg5 17. Bxg5 Qxg5 18. Qc1 Qe7 19. b4 b6 20. Qe3 Qd8 21. Rac1 a5 22.
bxa5 bxa5 23. Nb5 Nc5 24. Nxe5 Nxa4 25. Nc6 Qb6 26. Qxb6 Nxb6 27. Ne7+ Kg7 28.
Rc6 Rb8 29. Rxb6 Rxb6 30. Nxc8 Rb8 31. Nca7 Ra8 32. Ra1 Nc7 33. Rxa5 Nxb5 34.
Bxb5 f5 35. gxf5 gxf5 36. Bc6 Rad8 37. Nb5 fxe4 38. Nd4 Kh6 39. fxe4 Rf4 40.
Nf5+ Kh5 41. Ra8 Rxa8 42. Bxa8 Rg4+ 43. Kf2 Rg6 44. Bc6 Rf6 45. Kg3 Rg6+ 46.
Kf4 1-0

[Event "Solingen-ch 2018"]
[Site "Solingen"]
[Date "2018.10.12"]
[Round "3.2"]
[White "Fränzel, Dr. Marius"]
[Black "Hobusch, Jan"]
[Result "0-1"]
[WhiteElo "1786"]
[BlackElo "2180"]
[PlyCount "54"]
[EventDate "2018.??.??"]
[WhiteTeam "SG Solingen"]
[BlackTeam "SG Solingen"]

1. e4 c6 2. d4 d5 3. exd5 cxd5 4. c4 Nf6 5. Nc3 Nc6 6. Bg5 e6 7. Nf3 Be7 8. Be2
O-O 9. O-O a6 10. a3 dxc4 11. Bxc4 b5 12. Ba2 Bb7 13. b4 Rc8 14. Rc1 a5 15.
Bxf6 Bxf6 16. d5 Na7 17. Ne4 exd5 18. Nxf6+ Qxf6 19. Rxc8 Nxc8 20. Nd4 axb4 21.
axb4 Nd6 22. Qd3 Rc8 23. Re1 g6 24. g3 Ne4 25. Re2 Ng5 26. Kg2 Rc4 27. Bxc4
dxc4+ 0-1

[Event "Solingen-ch 2018"]
[Site "Solingen"]
[Date "2018.10.12"]
[Round "3.3"]
[White "Podder, Michael"]
[Black "Zolfagharian, Kevin"]
[Result "0-1"]
[WhiteElo "1826"]
[BlackElo "2165"]
[PlyCount "100"]
[EventDate "2018.??.??"]
[WhiteTeam "Elberfelder SG"]
[BlackTeam "SG Solingen"]

1. e4 c5 2. Nf3 Nc6 3. d4 cxd4 4. Nxd4 Nf6 5. Nc3 d6 6. f3 e5 7. Nb3 Be7 8. Be3
Be6 9. Qd2 O-O 10. Rd1 a5 11. Bb5 Na7 12. Be2 Nc6 13. Bb5 Qc7 14. Qf2 Nd7 15.
O-O b6 16. Rd2 f5 17. exf5 Rxf5 18. Rfd1 Raf8 19. Bd3 Rh5 20. Be4 Qb7 21. Nb5
d5 22. Bxd5 Bxd5 23. Rxd5 Nf6 24. Nd6 Qb8 25. R5d2 Bxd6 26. Rxd6 Ne4 27. fxe4
Rxf2 28. Bxf2 Nd4 29. Rd5 Ne6 30. Rd6 Kf7 31. Bxb6 Nd4 32. Bc5 Rg5 33. Rf1+ Nf5
34. Rxf5+ Rxf5 35. exf5 a4 36. Ba3 axb3 37. axb3 Qa7+ 38. Kf1 Qe3 39. Rd1 Kf6
40. Re1 Qd2 41. Re2 Qd1+ 42. Kf2 Qd4+ 43. Kf1 Qd1+ 44. Kf2 Qd4+ 45. Kf1 e4 46.
c3 Qe5 47. c4 e3 48. g4 Qe4 49. Kg1 Qxg4+ 50. Kf1 Qf3+ 0-1

[Event "Solingen-ch 2018"]
[Site "Solingen"]
[Date "2018.10.12"]
[Round "3.4"]
[White "Görke, Joachim"]
[Black "Borchert, Stephan"]
[Result "1/2-1/2"]
[WhiteElo "2110"]
[BlackElo "1942"]
[PlyCount "67"]
[EventDate "2018.??.??"]
[WhiteTeam "SG Solingen"]
[BlackTeam "SG Solingen"]

1. Nf3 d6 2. e4 c5 3. Bb5+ Nd7 4. O-O Qb6 5. Nc3 Ngf6 6. a4 a6 7. a5 Qc7 8. Ba4
e6 9. Re1 Be7 10. e5 dxe5 11. Nxe5 O-O 12. Nc4 b5 13. axb6 Nxb6 14. Nxb6 Qxb6
15. Bb5 Bb7 16. Be2 Rfd8 17. Bf3 Rd4 18. d3 Qc7 19. b3 h5 20. Be3 Ng4 21. Bxb7
Qxb7 22. Bxd4 cxd4 23. Ne4 Bb4 24. Rf1 Qc7 25. g3 f5 26. Ng5 Qe7 27. Qf3 Ra7
28. h4 Qd6 29. Nh3 g6 30. Qf4 Qb6 31. Qf3 Qd6 32. Nf4 Kg7 33. Ra4 a5 34. Rfa1
1/2-1/2

[Event "Solingen-ch 2018"]
[Site "Solingen"]
[Date "2018.10.05"]
[Round "3.5"]
[White "Meckel, Helmut"]
[Black "Beyer, Fabian"]
[Result "1/2-1/2"]
[WhiteElo "1780"]
[BlackElo "1893"]
[PlyCount "52"]
[EventDate "2018.??.??"]
[WhiteTeam "SG Solingen"]
[BlackTeam "SG Solingen"]

1. b4 d5 2. Nf3 Nf6 3. Bb2 e6 4. b5 c5 5. e3 Bd6 6. c4 b6 7. cxd5 exd5 8. a4 a5
9. Be2 Nbd7 10. d3 Bb7 11. Nbd2 O-O 12. d4 Qe7 13. dxc5 Nxc5 14. Nd4 Be5 15.
N2f3 Bxd4 16. Nxd4 Rac8 17. Nf5 Qe6 18. Bg4 Kh8 19. Nxg7 Qxg4 20. Bxf6 Qb4+ 21.
Kf1 Qc4+ 22. Qe2 Ne4 23. Qxc4 Rxc4 24. Bd4 Rxd4 25. exd4 Kxg7 26. f3 Nc3
1/2-1/2

[Event "Solingen-ch 2018"]
[Site "Solingen"]
[Date "2018.10.12"]
[Round "3.7"]
[White "Peschel, Andreas"]
[Black "Ipekyilmaz, Tayfun"]
[Result "1-0"]
[WhiteElo "2167"]
[BlackElo "1736"]
[PlyCount "73"]
[EventDate "2018.??.??"]
[WhiteTeam "SG Solingen"]
[BlackTeam "Langenfelder SF"]

1. g3 Nf6 2. Bg2 c6 3. Nf3 d5 4. O-O Bg4 5. c4 Bxf3 6. Bxf3 dxc4 7. Qc2 e5 8.
Qxc4 Qd4 9. Qb3 Qb4 10. Qc2 Nbd7 11. b3 Bc5 12. Nc3 Bd4 13. Bb2 O-O 14. a3 Qe7
15. e3 Bxc3 16. Bxc3 Rfe8 17. d4 e4 18. Bg2 Nd5 19. Bd2 f5 20. b4 N7f6 21. Qb3
Qe6 22. a4 Nb6 23. Qxe6+ Rxe6 24. Rfc1 Nbd5 25. b5 cxb5 26. axb5 Nd7 27. Bf1
N7b6 28. Ra2 Re7 29. Rca1 a6 30. bxa6 bxa6 31. Rxa6 Rxa6 32. Rxa6 Rc7 33. Ba5
Rc6 34. Kg2 Rf6 35. h4 Kf8 36. Be2 Nd7 37. Ra8+ 1-0

[Event "Solingen-ch 2018"]
[Site "Solingen"]
[Date "2018.10.12"]
[Round "3.9"]
[White "Speck, Stefan"]
[Black "Sherif, Malik"]
[Result "1/2-1/2"]
[WhiteElo "1955"]
[BlackElo "1729"]
[PlyCount "144"]
[EventDate "2018.??.??"]
[WhiteTeam "SC Solingen 28"]
[BlackTeam "SG Solingen"]

1. e4 e5 2. Nf3 Nf6 3. Nxe5 d6 4. Nf3 Nxe4 5. Nc3 Nxc3 6. dxc3 Nc6 7. Bc4 Be7
8. Bf4 O-O 9. Qd2 Bf6 10. O-O-O Be6 11. Bd3 Ne5 12. Nxe5 dxe5 13. Be3 Be7 14.
Qe2 Bd6 15. c4 Qe7 16. h4 Bc5 17. f3 Bxe3+ 18. Qxe3 f6 19. h5 Bc8 20. Rde1 Re8
21. g4 f5 22. gxf5 Qf6 23. Qe4 Bd7 24. Qd5+ Qf7 25. Be4 c6 26. Qxf7+ Kxf7 27.
h6 Re7 28. Reg1 Rg8 29. Rg5 gxh6 30. Rxg8 Kxg8 31. Rxh6 Kg7 32. Rxh7+ Kxh7 33.
f6+ Kg8 34. fxe7 Kf7 35. e8=Q+ Kxe8 36. Kd2 Ke7 37. c5 Be6 38. a3 Kf6 39. Ke3
Ke7 40. b4 Bc4 41. f4 exf4+ 42. Kxf4 Kd8 43. Ke5 Kc7 44. Bd3 Bd5 45. c4 Bf7 46.
Kf6 Bh5 47. Ke5 Bg4 48. Kd4 Bh5 49. Kc3 Bg4 50. Kb3 Bd1+ 51. Kc3 Bg4 52. b5 Bd1
53. Kb4 Bg4 54. Ka5 Bf3 55. b6+ Kb8 56. Kb4 Bd1 57. a4 Bg4 58. a5 a6 59. Kc3
Bf3 60. Kd4 Bh1 61. Ke5 Bf3 62. Kd6 Bg2 63. Bf5 Bf3 64. Bd7 Bg2 65. Ke5 Bf3 66.
Bf5 Bg2 67. Be4 Bxe4 68. Kxe4 Ka8 69. Ke5 Kb8 70. Kd6 Ka8 71. Kd7 Kb8 72. Kd8
Ka8 1/2-1/2

[Event "Solingen-ch 2018"]
[Site "Solingen"]
[Date "2018.10.12"]
[Round "3.10"]
[White "Nguyen, Gia Huy Philipp"]
[Black "Fodor, Bernhard"]
[Result "1-0"]
[WhiteElo "1895"]
[BlackElo "1320"]
[PlyCount "63"]
[EventDate "2018.??.??"]
[WhiteTeam "SG Solingen"]
[BlackTeam "SG Solingen"]

1. e4 c5 2. Nf3 Nc6 3. d4 cxd4 4. Nxd4 Nf6 5. Nc3 Nxd4 6. Qxd4 a6 7. e5 Ng8 8.
a4 e6 9. Ne4 Qa5+ 10. Bd2 Qd5 11. Bc3 Be7 12. Qxd5 exd5 13. Nd6+ Bxd6 14. exd6
Nf6 15. Bxf6 gxf6 16. Rd1 b5 17. Rxd5 Bb7 18. Rd4 Rg8 19. f3 Rg5 20. Kf2 Rd5
21. Rxd5 Bxd5 22. axb5 axb5 23. Bxb5 Rb8 24. c4 Bc6 25. Re1+ Kf8 26. Bxc6 dxc6
27. Re2 Rd8 28. c5 Rd7 29. Ke1 Rd8 30. Kd2 Rd7 31. Kc3 Rb7 32. Kc4 1-0

[Event "Solingen-ch 2018"]
[Site "Solingen"]
[Date "2018.10.02"]
[Round "3.11"]
[White "Alexopoulos, Dr. Spiros"]
[Black "Littek, Oliver"]
[Result "1-0"]
[WhiteElo "1870"]
[BlackElo "1569"]
[PlyCount "45"]
[EventDate "2018.??.??"]
[WhiteTeam "Aachener SV"]
[BlackTeam "SG Solingen"]

1. e4 e5 2. f4 exf4 3. Bc4 Bc5 4. d4 Bb6 5. Nf3 d6 6. Bxf4 Bg4 7. Bxf7+ Kxf7 8.
Bg5 Qc8 9. O-O Nf6 10. e5 Ne8 11. exd6 Kg8 12. dxc7 Qxc7 13. c3 Nd7 14. Qb3+
Kf8 15. Ne5+ Ndf6 16. Nxg4 Qd8 17. Kh1 Rc8 18. Nd2 Rc6 19. Ne4 Ke7 20. Nexf6
Nxf6 21. Rae1+ Kf8 22. Nxf6 gxf6 23. Bh6# 1-0

[Event "Solingen-ch 2018"]
[Site "Solingen"]
[Date "2018.10.12"]
[Round "3.12"]
[White "Wawi, Bilal"]
[Black "Lux, Andreas"]
[Result "0-1"]
[WhiteElo "1097"]
[BlackElo "1839"]
[PlyCount "38"]
[EventDate "2018.??.??"]
[WhiteTeam "vereinslos"]
[BlackTeam "SG Solingen"]

1. e4 c5 2. Nf3 e6 3. d4 cxd4 4. Nxd4 Bc5 5. Nc3 Qb6 6. Be3 Nc6 7. Ncb5 a6 8.
Nxc6 Bxe3 9. Nd6+ Kf8 10. fxe3 Qxe3+ 11. Qe2 Qxe2+ 12. Bxe2 dxc6 13. O-O f6 14.
Rad1 Nh6 15. Nf5 Kf7 16. Bh5+ g6 17. Nxh6+ Kg7 18. Bg4 Kxh6 19. Rxf6 Kg5 0-1

[Event "Solingen-ch 2018"]
[Site "Solingen"]
[Date "2018.10.12"]
[Round "3.14"]
[White "von Häfen, Dieter"]
[Black "Falk, Thomas"]
[Result "1/2-1/2"]
[WhiteElo "1732"]
[BlackElo "1552"]
[PlyCount "161"]
[EventDate "2018.??.??"]
[WhiteTeam "SV Hennef"]
[BlackTeam "Elberfelder SG"]

1. d4 e6 2. e4 d5 3. Nc3 Nc6 4. e5 a6 5. Nf3 Bb4 6. a3 Bxc3+ 7. bxc3 Na5 8. Ng5
Nh6 9. Bd3 g6 10. Nxe6 Bxe6 11. Bxh6 Qh4 12. Bg7 Rg8 13. Bf6 Qh6 14. Qc1 Qxc1+
15. Rxc1 b5 16. O-O Rb8 17. Ra1 Nc4 18. a4 Bd7 19. Rfb1 Bc6 20. axb5 axb5 21.
Ra7 Kd7 22. Bh4 Ra8 23. Rba1 Rxa7 24. Rxa7 Ra8 25. Rxa8 Bxa8 26. f4 c6 27. Bf2
Bb7 28. g4 Bc8 29. h3 Nb2 30. Be2 Ke8 31. Kg2 Kf8 32. Kg3 Kg7 33. Kh4 f5 34.
Kg3 Be6 35. Kf3 Kf7 36. Ke3 Nc4+ 37. Kd3 Ke7 38. Bf3 Kd7 39. Ke2 Ke7 40. Be1
Kd7 41. gxf5 Bxf5 42. Bg4 Ke6 43. Bh4 Na3 44. Kd2 Nc4+ 45. Kc1 Ne3 46. Bxf5+
Kxf5 47. Bg5 Ke6 48. Kb2 Nf5 49. Kb3 Kd7 50. Kb4 Ng7 51. Kc5 Ne6+ 52. Kb6 Nc7
53. h4 Na8+ 54. Kb7 Nc7 55. Ka7 Ne6 56. Kb8 Nc7 57. Kb7 Ne6 58. Kb6 Nc7 59. Ka5
Ne6 60. Kb4 Ng7 61. Bf6 Ne6 62. Bg5 Ng7 63. Bh6 Ne6 64. Kb3 Ke8 65. Kb2 Kf7 66.
Kc1 Nd8 67. Kd1 Ke6 68. Ke2 Kf5 69. Bg5 Ne6 70. Kf3 Ng7 71. Kg3 Nh5+ 72. Kh3
Ng7 73. Kg3 Nh5+ 74. Kf3 Ng7 75. Bh6 Ne8 76. Kg3 Nc7 77. h5 Ne6 78. hxg6 hxg6
79. Kf3 Nc7 80. Bg5 Ne6 81. Bh6 1/2-1/2

[Event "Solingen-ch 2018"]
[Site "Solingen"]
[Date "2018.10.12"]
[Round "3.15"]
[White "Kaiser, Stephan"]
[Black "Falge, Rainer"]
[Result "0-1"]
[WhiteElo "1800"]
[BlackElo "1692"]
[PlyCount "128"]
[EventDate "2018.??.??"]
[WhiteTeam "SG Solingen"]
[BlackTeam "SG Solingen"]

1. d4 d6 2. e4 Nf6 3. Nc3 g6 4. Nf3 Bg7 5. Bc4 O-O 6. O-O Nxe4 7. Nxe4 d5 8.
Bd3 dxe4 9. Bxe4 c6 10. c3 Nd7 11. Bf4 Re8 12. Re1 h6 13. Bd3 Nf6 14. h3 Be6
15. Qd2 Kh7 16. Ne5 Nd5 17. Bg3 Qc8 18. Rac1 Rf8 19. Be4 Bf5 20. f3 Nf6 21. Qd3
Bxe4 22. fxe4 Nd7 23. Nf3 e6 24. c4 Nb6 25. b3 Qd7 26. c5 Nc8 27. Ne5 Bxe5 28.
Bxe5 f6 29. Rf1 Qd8 30. Bg3 Rf7 31. Be5 Qe7 32. Qf3 Kg7 33. Bg3 Qd8 34. Bh4 g5
35. Bf2 Ne7 36. Be3 Ng6 37. Qg4 Qe7 38. g3 Rd8 39. Rc2 Rdf8 40. Rcf2 f5 41.
exf5 exf5 42. Qe2 f4 43. gxf4 Nxf4 44. Bxf4 Qxe2 45. Rxe2 Rxf4 46. Rxf4 Rxf4
47. Re7+ Rf7 48. Re2 Kf8 49. Kg2 Rf4 50. Rf2 Rxf2+ 51. Kxf2 h5 52. Kf3 Ke7 53.
Ke4 Ke6 54. b4 g4 55. hxg4 hxg4 56. Kf4 Kd5 57. Kxg4 Kxd4 58. Kf5 Kc4 59. a3 a5
60. Ke5 axb4 61. axb4 Kxb4 62. Kd6 Kc4 63. Kc7 Kxc5 64. Kxb7 Kb5 0-1

[Event "Solingen-ch 2018"]
[Site "Solingen"]
[Date "2018.10.12"]
[Round "3.17"]
[White "Büttgenbach, Uwe-Eugen"]
[Black "Skiber, Friedel"]
[Result "0-1"]
[WhiteElo "1641"]
[BlackElo "1705"]
[PlyCount "70"]
[EventDate "2018.??.??"]
[WhiteTeam "Ford SF Köln"]
[BlackTeam "SG Solingen"]

1. e4 g6 2. d4 d6 3. Bc4 Nf6 4. Qd3 Bg7 5. c3 O-O 6. Bg5 c6 7. Nd2 d5 8. Bb3
dxe4 9. Nxe4 Bf5 10. Nxf6+ exf6 11. Bxf6 Qxf6 12. Qe3 Nd7 13. Ne2 Rae8 14. Qd2
Qh4 15. O-O Bh6 16. f4 Nf6 17. Bc2 Ng4 18. h3 Ne3 19. Bxf5 Nxf1 20. Rxf1 gxf5
21. d5 cxd5 22. Rf3 Re6 23. g3 Qxh3 24. Nd4 Rg6 25. Qf2 Re8 26. Nc2 Bg7 27. Ne3
d4 28. Ng2 dxc3 29. bxc3 Rh6 30. Nh4 Qg4 31. Kf1 Qh3+ 32. Kg1 Rhe6 33. g4 Re1+
34. Qxe1 Rxe1+ 35. Kf2 Qxh4+ 0-1

[Event "Solingen-ch 2018"]
[Site "Solingen"]
[Date "2018.11.02"]
[Round "4.1"]
[White "Hobusch, Jan"]
[Black "Kniest, Oliver"]
[Result "1/2-1/2"]
[WhiteElo "2180"]
[BlackElo "2309"]
[PlyCount "29"]
[EventDate "2018.??.??"]
[WhiteTeam "SG Solingen"]
[BlackTeam "SG Solingen"]

1. d4 d5 2. Nf3 Nf6 3. c4 e6 4. Nc3 Bb4 5. Bd2 O-O 6. e3 b6 7. cxd5 exd5 8. Bd3
Bb7 9. O-O Nbd7 10. Ne5 Nxe5 11. dxe5 Bxc3 12. Bxc3 Ne4 13. Bxe4 dxe4 14. Qg4
Qe7 15. Rfd1 1/2-1/2

[Event "Solingen-ch 2018"]
[Site "Solingen"]
[Date "2018.11.02"]
[Round "4.2"]
[White "Zolfagharian, Kevin"]
[Black "Borchert, Stephan"]
[Result "1-0"]
[WhiteElo "2165"]
[BlackElo "1942"]
[PlyCount "29"]
[EventDate "2018.??.??"]
[WhiteTeam "SG Solingen"]
[BlackTeam "SG Solingen"]

1. e4 e5 2. Nf3 Nc6 3. Bc4 Nf6 4. Ng5 d5 5. exd5 Na5 6. Bb5+ c6 7. dxc6 bxc6 8.
Bd3 Ng4 9. Nh3 Bc5 10. Qe2 O-O 11. b4 Bxb4 12. Qe4 Nf6 13. Qxb4 e4 14. Be2 Nd5
15. Qa3 1-0

[Event "Solingen-ch 2018"]
[Site "Solingen"]
[Date "2018.10.30"]
[Round "4.4"]
[White "Alexopoulos, Dr. Spiros"]
[Black "Görke, Joachim"]
[Result "1/2-1/2"]
[WhiteElo "1870"]
[BlackElo "2110"]
[PlyCount "117"]
[EventDate "2018.??.??"]
[WhiteTeam "Aachener SV"]
[BlackTeam "SG Solingen"]

1. e4 e5 2. Nf3 Nc6 3. Nc3 Nf6 4. d4 exd4 5. Nxd4 Bb4 6. Nxc6 bxc6 7. Bd3 O-O
8. O-O d5 9. exd5 cxd5 10. h3 h6 11. Qf3 c6 12. Bf4 Re8 13. Rad1 Be6 14. Ne2
Bd6 15. Bc1 Nd7 16. Nd4 Ne5 17. Qh5 Qf6 18. Nxe6 fxe6 19. f4 Nxd3 20. Rxd3 Bc5+
21. Kh1 Bf8 22. Rg3 Kh7 23. f5 exf5 24. Rxf5 Re1+ 25. Kh2 Qd4 26. Qg6+ Kh8 27.
Rg4 Re4 28. Bf4 Qb4 29. c3 Qe7 30. Rf7 Re6 31. Rxe7 Rxg6 32. Rxg6 Bxe7 33. Be5
Bf8 34. Rxh6+ Kg8 35. Rxc6 Re8 36. Bd4 Re2 37. Bc5 Bxc5 38. Rxc5 Rxb2 39. Ra5
Rc2 40. Rxd5 Rxc3 41. Ra5 Rc7 42. Ra6 Kh7 43. g4 g5 44. Ra3 Kg7 45. Kg3 Rf7 46.
Rf3 Rc7 47. Rb3 Rf7 48. a4 Kg6 49. a5 Rc7 50. Rd3 Rc6 51. h4 gxh4+ 52. Kxh4 Ra6
53. Rd5 Rc6 54. Kg3 Rc3+ 55. Kf4 Rc4+ 56. Kf3 Ra4 57. Rd6+ Kg5 58. Ra6 Rf4+ 59.
Ke3 1/2-1/2

[Event "Solingen-ch 2018"]
[Site "Solingen"]
[Date "2018.11.02"]
[Round "4.5"]
[White "Flesch, Dr. Stefan"]
[Black "Fränzel, Dr. Marius"]
[Result "1/2-1/2"]
[WhiteElo "2051"]
[BlackElo "1786"]
[PlyCount "47"]
[EventDate "2018.??.??"]
[WhiteTeam "SG Solingen"]
[BlackTeam "SG Solingen"]

1. Nf3 d5 2. c4 c6 3. b3 Nf6 4. Bb2 Bf5 5. g3 e6 6. Bg2 Be7 7. O-O O-O 8. d3
Qb6 9. Nbd2 Rd8 10. h3 d4 11. Nh4 Bg6 12. Nxg6 hxg6 13. Qc2 e5 14. Rac1 Nbd7
15. a3 c5 16. Rce1 Rab8 17. e3 Qd6 18. exd4 exd4 19. Bc1 Nf8 20. Nf3 Ne6 21.
Ng5 Nxg5 22. Bxg5 Qd7 23. Bf4 Bd6 24. Bg5 1/2-1/2

[Event "Solingen-ch 2018"]
[Site "Solingen"]
[Date "2018.11.02"]
[Round "4.6"]
[White "Vranidis, Athanassios"]
[Black "Podder, Michael"]
[Result "1/2-1/2"]
[WhiteElo "1956"]
[BlackElo "1826"]
[PlyCount "108"]
[EventDate "2018.??.??"]
[WhiteTeam "SG Solingen"]
[BlackTeam "Elberfelder SG"]

1. d4 Nf6 2. Bg5 Ne4 3. Bf4 d5 4. Nd2 Bf5 5. Nxe4 Bxe4 6. e3 Nd7 7. Nf3 e6 8.
Bd3 Bxd3 9. Qxd3 c5 10. c3 Be7 11. O-O O-O 12. Rfe1 Rc8 13. Rac1 Qb6 14. Qb1
Nf6 15. Ne5 Rfd8 16. Bg5 h6 17. Bh4 g5 18. Bg3 Ne4 19. f3 Nxg3 20. hxg3 Bd6 21.
Kf2 Bxe5 22. dxe5 d4 23. exd4 cxd4 24. cxd4 Rxc1 25. Qxc1 Rxd4 26. Kf1 Kg7 27.
a3 Rd3 28. Qc2 Qd4 29. Qf2 Qc4 30. Kg1 a5 31. Kh2 Qd5 32. Re2 a4 33. f4 g4 34.
f5 Qd4 35. fxe6 Qxf2 36. Rxf2 fxe6 37. Rf4 h5 38. Rxa4 Rb3 39. Rd4 Rxb2 40. Rf4
Rb5 41. Re4 Kg6 42. a4 Ra5 43. Rb4 Rxe5 44. Rxb7 Re1 45. a5 Ra1 46. Rb6 Kf5 47.
a6 e5 48. Rh6 Kg5 49. Re6 Ra5 50. a7 Kf5 51. Re7 Ke4 52. Rb7 Kd4 53. Rd7+ Ke3
54. Rd5 Rxa7 1/2-1/2

[Event "Solingen-ch 2018"]
[Site "Solingen"]
[Date "2018.11.02"]
[Round "4.7"]
[White "Beyer, Fabian"]
[Black "Nguyen, Gia Huy Philipp"]
[Result "1/2-1/2"]
[WhiteElo "1893"]
[BlackElo "1895"]
[PlyCount "82"]
[EventDate "2018.??.??"]
[WhiteTeam "SG Solingen"]
[BlackTeam "SG Solingen"]

1. d4 d5 2. Nf3 e6 3. c4 a6 4. Nc3 dxc4 5. a4 c5 6. d5 exd5 7. Qxd5 Qxd5 8.
Nxd5 Ra7 9. Bf4 Nc6 10. e3 Nf6 11. Nxf6+ gxf6 12. Bxc4 Be6 13. Nd2 Be7 14. Rc1
O-O 15. O-O Rd8 16. Rfd1 b6 17. Bxe6 fxe6 18. Ne4 Rad7 19. Rxd7 Rxd7 20. Kf1 f5
21. Nc3 Nb4 22. Ke2 Nd3 23. Rc2 Nxf4+ 24. exf4 Kf7 25. Rd2 Ke8 26. Rxd7 Kxd7
27. Kd3 Kc6 28. f3 b5 29. axb5+ axb5 30. g4 c4+ 31. Kc2 h6 32. Ne2 Kc5 33. b3
b4 34. Ng3 cxb3+ 35. Kxb3 fxg4 36. fxg4 Kd4 37. f5 Ke5 38. fxe6 Kxe6 39. Nf5
Bf8 40. Nxh6 Bxh6 41. Kxb4 Bg5 1/2-1/2

[Event "Solingen-ch 2018"]
[Site "Solingen"]
[Date "2018.11.02"]
[Round "4.8"]
[White "Sherif, Malik"]
[Black "Meckel, Helmut"]
[Result "1/2-1/2"]
[WhiteElo "1729"]
[BlackElo "1780"]
[PlyCount "68"]
[EventDate "2018.??.??"]
[WhiteTeam "SG Solingen"]
[BlackTeam "SG Solingen"]

1. Nf3 f5 2. d4 Nf6 3. Bf4 d6 4. c4 g6 5. Nc3 Bg7 6. Qc2 O-O 7. Rd1 Qe8 8. e3
Nc6 9. h3 e5 10. dxe5 dxe5 11. Bh2 Nb4 12. Qb3 e4 13. Qxb4 exf3 14. gxf3 Be6
15. Bxc7 Qc6 16. Qd6 Rf7 17. Qxc6 bxc6 18. Be5 Re8 19. f4 Nh5 20. Bxg7 Kxg7 21.
b3 Nxf4 22. Rd4 Nh5 23. Be2 Nf6 24. Bf3 c5 25. Rd6 Bd7 26. O-O f4 27. exf4 Bxh3
28. Rfd1 Ree7 29. Kh2 Bg4 30. Bxg4 Nxg4+ 31. Kg3 Nh6 32. Rc6 Nf5+ 33. Kg2 Nh4+
34. Kg3 Nf5+ 1/2-1/2